Zwyciezcy najlepszych lig europejskich w sezonie 22/23 (dla geomexa) - Statystyki

Ogólne statystyki
  • Ten quiz został rozwiązany 43 razy
  • Średni wynik to 9 z 15
Statystyki odpowiedzi
kraj Odpowiedź % Poprawnych
Anglia Manchester City
100%
Niemcy Bayern Monachium
95%
Hiszpania FC Barcelona
92%
Portugalia Benfica
87%
Francja Paris Saint-Germain
82%
Włochy SSC Napoli
74%
Holandia Feyenoord
64%
Szkocja Celtic Glasgow
62%
Turcja Galatasaray
51%
Dania FC Kopenhaga
44%
Serbia Crvena Zvezda
41%
Szwajcaria Young Boys
36%
Belgia Antwerpia
18%
Austria FC Salzburg
8%
Rosja Zenit Petersburg
8%
Nie znaleziono quizów pasujących do podanych kryteriów
Rozkład punktacji
Procent ludzi z każdym wynikiem
Percentyl według liczby udzielonych odpowiedzi
Twoja historia wyników
Nie rozwiązałeś tego quizu